Mèmoires numismatiques de l'ordre souverain de Saint Jean de Jérusalem / (Record no. 54703)

MARC details
000 -LEADER
campo de control de longitud fija 00601nam a22001695i 4500
001 - NÚMERO DE CONTROL
campo de control 54703
003 - IDENTIFICADOR DE NÚMERO DE CONTROL
campo de control ES-MaACL
007 - CAMPO FIJO DE DESCRIPCIÓN FÍSICA--INFORMACIÓN GENERAL
campo de control de longitud fija t|
008 - DATOS DE LONGITUD FIJA--INFORMACIÓN GENERAL
campo de control de longitud fija 960725s1885 it a ||||1| fre d
040 ## - FUENTE DE CATALOGACIÓN
Centro catalogador/agencia de origen CAM
Lengua de catalogación spa
Centro/agencia transcriptor CAM
100 1# - ENTRADA PRINCIPAL--NOMBRE DE PERSONA
Nombre de persona Furse, Edouard Henri.
9 (RLIN) 53051
245 10 - MENCIÓN DEL TÍTULO
Título Mèmoires numismatiques de l'ordre souverain de Saint Jean de Jérusalem /
Mención de responsabilidad, etc. illustrées avec les medailles et monnaies frappées par les grands maitres de l'ordre, par Edouard Henri Furse.
250 ## - MENCION DE EDICION
Mención de edición 2e éd.
260 ## - PUBLICACIÓN, DISTRIBUCIÓN, ETC.
Lugar de publicación, distribución, etc. Rome :
Nombre del editor, distribuidor, etc. Forzani & C. éditeurs,
Fecha de publicación, distribución, etc. 1885.
300 ## - DESCRIPCIÓN FÍSICA
Extensión 430 p. :
Otras características físicas il. ;
Dimensiones 28 cm.
852 ## - LOCALIZACIÓN
Ubicación ES-MaACL
Número de control de estantería G-4438
Holdings
Estatus retirado Estado de pérdida Estado de daño No para préstamo Colección Biblioteca de origen Biblioteca actual Ubicación en estantería Fecha de adquisición Fuente de adquisición Total de préstamos Signatura topográfica completa Código de barras Visto por última vez Precio de reemplazo Tipo de ítem Koha
        Libros del s. XIX Biblioteca del Ateneo de Madrid Biblioteca del Ateneo de Madrid Depósito 2 17/01/2008     G-4438 1057482 23/02/2023 23/02/2023 Libro impreso antiguo